| 000 | 00589nam a22001697a 4500 | ||
|---|---|---|---|
| 005 | 20251202130326.0 | ||
| 082 | _a621.381 NAV | ||
| 100 |
_aNavas K A _9548 |
||
| 100 |
_aSuhail T A _9605 |
||
| 100 |
_aAbhiraj T K _9956 |
||
| 245 | _aIntroduction to Electrical and Electronics Engineering : Electronics Group A and B_KTU 2024 Scheme | ||
| 250 | _a1 | ||
| 260 |
_aIlahia Publishers _b Ilahia College of Engineering & Technology;Mulavoor PO;Muvattupuzha _c2024 |
||
| 300 |
_a248 Pages _bItem Weight : 300 g Dimensions : 21.5 x 14 x 1.3 cm |
||
| 650 |
_aECE _912 |
||
| 942 | _cBK | ||
| 999 |
_c38078 _d38078 |
||